Corriger l'orthographe (Facile) - Statistiques

Statistiques générales
  • Ce quiz a été pris 453 fois
  • Le résultat moyen est 8 sur 9
Statistiques - réponses
Allusion % Correct
Bojour Bonjour
99%
Fasile Facile
99%
Frençais Français
99%
Payss Pays
99%
Salu Salut
99%
Avvion Avion
98%
Urn Urne
93%
Vei Vie
56%
Crosaint Crossaint
18%
Aucun quiz correspondant
Distribution des résultats
% des personnes avec chaque résultat
Percentile par nombre de réponses
Votre historique - résultats
Vous n’avez pas pris ce quiz